Хвойные деревья - Армагеддон - Statistics

General Stats
  • This quiz has been taken 62 times
  • The average score is 6 of 13
Answers on the Grid
Answers color-coded by a green-red scale on the quiz's grid according to % correct below.
Ель
Можжевельник
Сосна
Осина
Секвойя
Пихта
Ольха
Бук
Кипарис
Акация
Баобаб
Саксаул
Туя
Рябина
Тис
Лиственница
Берёза
Ива
Анчар
Кедр
Шелковица
Криптомерия
Груша
Торрея
Черешня
Лимон
Дуб
Клён
Яблоня
Ногоплодник
 
Answer Stats
Answer % Correct
Ель
95%
Пихта
83%
Сосна
68%
Можжевельник
63%
Туя
56%
Секвойя
44%
Кипарис
41%
Кедр
37%
Тис
34%
Лиственница
34%
Торрея
12%
Ногоплодник
5%
Криптомерия
2%
No matching quizzes found
Score Distribution
Percent of People with Each Score
Percentile by Number Answered
Your Score History
You have not taken this quiz